Statistics for Initial D Characters

Click here to take the quiz!

General Stats

  • This quiz has been taken 88 times
  • The average score is 24 of 38

Answer Stats

CarDriver% Correct
Toyota AE86 Trueno (Tofu Shop)Takumi
100%
Silvia S13Iketani
93%
Toyota AE85 LevinItsuki
93%
Mazda RX-7 FC3SRyosuke
91%
Silvia SileightyMako/Sayuki
89%
Nissan Skyline GT R32Takeshi
88%
Mazda RX-7 FD3S (RedSuns/Project D)Keisuke
86%
Silvia 180SXKenji
86%
Honda Civic EG6Shingo
85%
Toyota AE86 Levin TurboWataru
80%
Subaru Impreza WRX STI GC8 Type RBunta
70%
Mazda RX-7 FD3S (Saitama Alliance)Kyoko
69%
AE86 Levin Supercharger (answer #12)Wataru
68%
Toyota SW20Kai
65%
AE86 Trueno (Sidewinder)Shinji
64%
Lancer Evolution 3Kyoichi
62%
Lancer Evolution 4Seiji
62%
Toyota CamryYuichi
62%
Toyota Celica GT4Miki
61%
Nissan Skyline GT R32Rin
59%
Honda NSXGo
58%
Toyota MR-S S ZZW30 (answer #13)Kai
55%
Suzuki CappuccinoSakamoto
54%
MX-5 NA6CEToru
54%
Honda Civic EK9 Type RDaiki
53%
Honda Integra TurboSmiley
50%
Honda Civic EK9 Type R Carbon FiberTomoyuki
50%
Honda S2000Toshiya
47%
Nissan Skyline BNR34Kozo
46%
Toyota Altezza RS200Nobuhiko
46%
Fairlady Z33Ryuji
46%
Skyline GT R34Atsuro
42%
Lancer Evolution 7Kobayakawa
38%
Toyota Supra JZA80Minagawa
38%
Roadster NB8CSatoshi
38%
Lancer Evolution 6Ichijo
36%
Lancer Evolution 5Aikawa
35%
Silvia S15Hiroya
35%

Score Distribution

Percentile by Number Answered

Percent of People with Each Score

Your Score History

You have not taken this quiz